Exploring 3D modeling with 3DS max 8 [

Bibliographic Details
Main Author: Till, Steven
Other Authors: O'Connell, James
Format: Book
Language:English
Published: Australia : Thomson , 2007
Series:Design exploring series
Subjects:

MARC

LEADER 00000cam a2200000 7i4500
001 0000022662
005 20100309.0
008 100309 at a e eng
020 |a 9781418052614 
040 |a INS 
090 0 0 |a CD 381 
100 1 |a Till, Steven 
245 1 0 |a Exploring 3D modeling with 3DS max 8 [  |h electronic resources]   |c Steven Till, James O'Connell 
260 |a Australia :   |b Thomson ,   |c 2007 
300 |a 1 computer optical dics :   |b ill., col. ;   |c 4 3/4 in. 
440 0 |a Design exploring series 
500 |a Includes index 
650 0 0 |a Computer animation 
650 0 0 |a Computer graphics 
650 0 0 |a Three-dimensional display systems 
700 1 |a O'Connell, James 
999 |a CD00000381   |b CD-ROM   |c Media Collection   |e Default branch